000 00623nam a2200217Ia 4500
999 _c7802
_d7802
003 0100
005 20180214092230.0
008 130303s9999 xx 000 0 und d
020 _a1779050828
040 _cARRUPELIB
050 _aDT658.26.B237
245 4 _aThe crisis in the Democratic Republic of Congo
260 _aHarare
_bSAPES Books,
_c1999
300 _av
300 _b 224 p. ill. 21 cm.
440 _aPeace and security series ;3.
_923825
650 _aViolence
_xCongresses
_zCongo (Democratic Republic)
_939167
650 _aCongo (Democratic Republic)
_xHistory
_xCongresses
_y1997-
_939168
650 _aCongo (Democratic Republic)
_xPolitics and government
_xCongresses
_y1997-
_939169
700 _aBaregu, Mwesiga Laurent. (ed.)
_923827
942 0 0 _02
_2lcc
_cMONOGRAPH